000 00782nam a22001937a 4500
999 _c371580
_d371580
008 201127b ||||| |||| 00| 0 eng d
040 _aDE-2950
_bger
_cDE-2950
_erda
041 _ager
245 _aKunst ist gleich um die Ecke.
_bKultur: Seit 2013 organisieren Studierende der Viadrina und Bürger der Doppelstadt ... das Festival "ART/ an der Grenze/ na granicy". Am Samstag beginnt das bunte Programm/
_cJacqueline Westermann
264 _c2022
653 _aFrankfurt (Oder)
653 _aKultur
653 _aART an der Grenze
773 _dFrankfurt (Oder) Märkisches Verlags- und Druckhaus GmbH & Co KG
_tMärkische Oderzeitung
_g33. Jahrgang (2022) Nr. 90 vom 19.04.2022, S. 11
942 _cA